Online
Catalog

Guía cultural de la República Dominicana. / (Record no. 31394)

MARC details
000 -CABECERA
campo de control de longitud fija 01117nam a2200253 a 4500
001 - NÚMERO DE CONTROL
campo de control 000031903
003 - IDENTIFICADOR DEL NÚMERO DE CONTROL
campo de control DO-SdBNP
005 - FECHA Y HORA DE LA ÚLTIMA TRANSACCIÓN
campo de control 20230223135432.0
007 - CAMPO FIJO DE DESCRIPCIÓN FÍSICA--INFORMACIÓN GENERAL
campo de control de longitud fija ta
008 - DATOS DE LONGITUD FIJA--INFORMACIÓN GENERAL
campo de control de longitud fija 110707e2000 dr ao gr 001 0 spa d
040 ## - FUENTE DE LA CATALOGACIÓN
Centro catalogador/agencia de origen DO-SdBNP
Lengua de catalogación spa
Centro/agencia transcriptor BNPHU
082 #4 - NÚMERO DE LA CLASIFICACIÓN DECIMAL DEWEY
Número de documento/Ítem G943c
Número de edición 22
245 00 - MENCIÓN DE TÍTULO
Título Guía cultural de la República Dominicana. /
Resto del título Fotografía, Gianfranco Lanzeri
250 ## - MENCIÓN DE EDICIÓN
Mención de edición 2a ed.
260 ## - PUBLICACIÓN, DISTRIBUCIÓN, ETC.
Lugar de publicación, distribución, etc. Santo Domingo :
Nombre del editor, distribuidor, etc. SECTUR,
Fecha de publicación, distribución, etc. 2000
300 ## - DESCRIPCIÓN FÍSICA
Extensión [20, (4)] p. ;
Dimensiones 18 cm.
505 ## - NOTA DE CONTENIDO CON FORMATO
Título Antes del descubrimiento: La cultura taína.--
-- Después del descubrimiento: 500 años.--
-- La música por dentro: Cultura del ritmo.--
-- Arte y Artesanía.--
-- ¡Carnaval!...Ritual de ritmo y color.--
-- Cultura religiosa.--
-- La cocina dominicana.--
-- Museos de la República Dominicana.--
-- Calendario de días feriados y festivales.
590 ## - NOTA LOCAL (RLIN)
Nota local Inventariado 2023 / MF
650 #4 - PUNTO DE ACCESO ADICIONAL DE MATERIA--TÉRMINO DE MATERIA
9 (RLIN) 82555
Término de materia o nombre geográfico como elemento de entrada Turismo
Subdivisión general Guías
Subdivisión geográfica República Dominicana
650 #4 - PUNTO DE ACCESO ADICIONAL DE MATERIA--TÉRMINO DE MATERIA
9 (RLIN) 82379
Término de materia o nombre geográfico como elemento de entrada Turismo
Subdivisión general República Dominicana
700 1# - PUNTO DE ACCESO ADICIONAL--NOMBRE DE PERSONA
Nombre de persona Lanzeri, Gianfranco
Término indicativo de función/relación il.
9 (RLIN) 83146
710 2# - PUNTO DE ACCESO ADICIONAL--NOMBRE DE ENTIDAD CORPORATIVA
9 (RLIN) 42466
Nombre de entidad corporativa o nombre de jurisdicción como elemento de entrada Secretaría de Estado de Turismo (República Dominicana)
942 ## - ELEMENTOS DE PUNTO DE ACCESO ADICIONAL (KOHA)
Fuente del sistema de clasificación o colocación Dewey Decimal Classification
Tipo de ítem Koha Folleto
Holdings
Estado de retiro Estado de pérdida Fuente del sistema de clasificación o colocación Restricciones de uso No para préstamo Código de colección Localización permanente Ubicación/localización actual Ubicación en estantería Fecha de adquisición Signatura topográfica completa Código de barras Fecha visto por última vez Precio válido a partir de Tipo de ítem Koha Fuente de adquisición Número de copia
    Dewey Decimal Classification Excluido de préstamo   Patrimonio Dominicano Biblioteca Nacional Pedro Henríquez Ureña Biblioteca Nacional Pedro Henríquez Ureña En catalogación 07.07.2011 G943c 31903-10 25.06.2020 25.06.2020 Folleto    
    Dewey Decimal Classification Excluido de préstamo   Patrimonio Dominicano Biblioteca Nacional Pedro Henríquez Ureña Biblioteca Nacional Pedro Henríquez Ureña En catalogación 09.03.2016 G943c 2023-1088 23.02.2023 23.02.2023 Folleto Donado por Inesdyc e.2

Powered by Koha